| 000 | 00455nam a22001337a 4500 | ||
|---|---|---|---|
| 008 | 160212b xxu||||| |||| 00| 0 eng d | ||
| 020 | _a0748641574 | ||
| 245 |
_aResearch Methods in Theatre and performance _cKershaw,Baz |
||
| 300 |
_avii,248p. _bill. |
||
| 650 |
_aTheatre-Research _vMethodology |
||
| 650 |
_aPerforming arts-research _vMethodology |
||
| 700 | _aEdited by Baz Kershaw and Hellen Nicholson | ||
| 942 |
_2lcc _cBK _hPN 2037 _k.R47 2011 C.1 |
||
| 999 |
_c15684 _d15684 |
||